Quiz di cultura generale #77 - Statistics

Statistiche generali
  • Questo quiz è stato fatto 423 volte
  • Il punteggio medio è 10 su 20
Statistiche sulle risposte
DOMANDA RISPOSTA % Corretto
Viene dopo mercoledì Giovedì
99%
Si dice abbia scritto l'Odissea Omero
94%
La regione di Varese e Sondrio Lombardia
90%
Come si chiama un pezzo di terra confinante da 3 lati con il mare/acqua Penisola
87%
L'acqua che pubblicizza Alex Del Piero Uliveto
73%
La capitale di Cipro Nicosia
62%
Unità di misura della temperatura secondo il Sistema Internazionale Kelvin
59%
Monarca inglese dal 1838 al 1901 Vittoria
50%
Nazione principale degli immigrati in Italia Romania
49%
Il vincitore di più medaglie d'oro nella storia delle Olimpiadi Phelps
47%
Fu papa durante la caduta dell'URSS Giovanni Paolo II
46%
Il nome della Santa patrona d'Italia Caterina
43%
Città creata da Mussolini denominata Littoria Latina
41%
In quale mare sfocia il Tamigi? Nord/Mar del
41%
Attuale vicepresidente Usa Vance
41%
L'amico umano di Winnie The Pooh Christopher/Robin
36%
Cittadina umbra in cui si possono visitare il Pozzo di San Patrizio e uno splendido Duomo Orvieto
33%
Il nome degli abitanti del Madagascar Malgasci
18%
Monte in cui nasce l'Arno Falterona
6%
Il Castello (suddivisione) più grande di San Marino Serravalle
6%
Nessun quiz corrispondente trovato
Distribuzione punteggi
Percentuale di utenti per punteggio
Percentile per numero di risposta
I tuoi punteggi nel tempo
Non hai fatto questo quiz